| 000 | 00577nam a22001817a 4500 | ||
|---|---|---|---|
| 003 | CEME | ||
| 005 | 20210628202729.0 | ||
| 008 | 210204b xxu||||| |||| 00| 0 eng d | ||
| 020 | _a0-07-134416-0 | ||
| 040 | _c. | ||
| 082 | _a621.312 KEN | ||
| 100 |
_aKennedy, Barry W _961291 |
||
| 245 | _a Power quality primer | ||
| 260 |
_aNEW YORK _bMCGRAW HILL _c2002 |
||
| 300 | _aXI,359P | ||
| 650 |
_aELECTRIC POWER SYSTEM STABILITY, ELECTRIC POWER SYSTEMS - ELECTRIC LOSSES, ELECTRIC POWER SYSTEMS - PROTECTION, ELECTRIC UTILITIES - QUALITY CONTROL _961292 |
||
| 942 |
_cBK _2ddc |
||
| 999 |
_c570793 _d570793 |
||